| 000 | 00936cam a22002775a 4500 | ||
|---|---|---|---|
| 001 | 16218037 | ||
| 005 | 20160302153210.0 | ||
| 008 | 100505t2011 nyudk fr 001 0 eng d | ||
| 010 | _a2010016679 | ||
| 020 | _a007163472X (alk. paper) | ||
| 040 |
_aDLC _cDLC _dEG-ScBUE |
||
| 082 | 0 | 4 |
_a621.38223 _bHSU _222 |
| 100 | 1 |
_aHsu, Hwei P. _q(Hwei Piao), _d1930- _95932 |
|
| 245 | 1 | 0 |
_aSignals and systems / _cHwei P. Hsu. |
| 246 | 3 | 0 | _aSchaum's outline signals and systems |
| 250 | _a2nd ed. | ||
| 260 |
_aNew York : _bMcGraw-Hill, _cc.2011. |
||
| 300 |
_aviii, 496 p. : _bcharts, forms ; _c28 cm. |
||
| 490 | 0 | _aSchaum's outline | |
| 500 | _aIncludes index. | ||
| 500 | _aRev. ed. of: Schaum's outline of theory and problems of signals and systems. c1995. | ||
| 650 | 0 |
_aSignal theory (Telecommunication) _vProblems, exercises, etc. _937358 _2BUEsh |
|
| 651 | _2BUEsh | ||
| 653 |
_bENGELC _cFebruary2015 |
||
| 942 |
_2ddc _k621.38223 HSU |
||
| 999 |
_c18951 _d18923 |
||